Statistiques concernant Chefs d'Etat de l'Union européenne

Cliquez ici pour prendre le quiz!

Statistiques générales

  • Ce quiz a été pris 116 fois
  • Le résultat moyen est 4 sur 28

Statistiques - réponses

HintRéponse% Correct
FranceEmmanuel Macron
97%
AllemagneAngela Merkel
93%
Royaume-UniTheresa May
70%
HongrieViktor Orbán
40%
EspagnePedro Sánchez
27%
BelgiqueCharles Michel
25%
ItalieSergio Mattarella
15%
Pays-BasMark Rutte
12%
PologneAndrzej Duda
10%
LuxembourgXavier Bettel
8%
AutricheAlexander Van der Bellen
7%
PortugalMarcelo Rebelo de Sousa
5%
RoumanieKlaus Iohannis
4%
GrèceProkópis Pavlópoulos
4%
DanemarkLars Løkke Rasmussen
3%
SuèdeStefan Löfven
3%
LituanieDalia Grybauskaitė
2%
CroatieKolinda Grabar-Kitarović
2%
IrlandeMichael D. Higgins
2%
BulgarieRoumen Radev
2%
SlovaquieAndrej Kiska
1%
SlovénieBorut Pahor
1%
EstonieKersti Kaljulaid
1%
MalteMarie-Louise Coleiro Preca
1%
République TchèqueMiloš Zeman
1%
ChypreNíkos Anastasiádis
1%
LettonieRaimonds Vējonis
1%
FinlandeSauli Niinistö
0%

Distribution des résultats

Percentile par nombre de réponses

% des personnes avec chaque résultat

Votre développement - résultats

Vous n’avez pas pris ce quiz